000 00256nam a2200121Ia 4500
008 190216s9999||||xx |||||||||||||| ||und||
100 _aVivekiray
245 0 _aHindi-Adhidhi
260 _bAnil Prakashan
300 _a134
650 _aHindi
942 _cBK
999 _c16312
_d16312